Artística 5 : (Registro nro. 9631)

Detalles MARC
000 -LIDER
fixed length control field 01159nam a2200313 a 4500
001 - NÚMERO DE CONTROL
Identificador de número de control 0000255
003 - IDENTIFICACDOR DE NÚMERO DE CONTROL
control field DO-SdBNP
005 - DATE AND TIME OF LATEST TRANSACTION
control field 20180307085126.0
007 - CAMPOS FIJOS DE DESCRIPCIÓN FÍSICA
fixed length control field 0000255
008 - ELEMENTOS DE LONGITUD FIJA
fixed length control field 150211s20uu dr abc 000 0 spa d
020 ## - ISBN
Canceled/invalid ISBN 978994540055X
040 ## - FUENTE DE CATALOGACIÓN
Agencia que crea de manera original el registro BPMSU
Idioma de catalogación spa
Agencia que realiza la transcripción BPMSU
092 ## - LOCALLY ASSIGNED DEWEY DECIMAL CALL NUMBER
Número de clasificación xxxx
Número de ítem (Cutter) xxxx
100 1# - ASIENTO PRINCIPAL -- NOMBRE PERSONAL
Nombre personal Gil bueno, Omar
245 00 - MENCIÓN DE TITULO
Título Artística 5 :
Subtítulo básica /
Mención de responsabilidad Omar Gil Bueno, Luisa A. Mateo Dicló ; producción editorial María del Jesús de la Rosa ; ilustraciones Ramón Sandoval.
260 ## - PUBLICACIÓN, DISTRIBUCIÓN, ETC. (PIE DE IMPRENTA)
Lugar de publicación, distribución, etc Santo Domingo :
Nombre del editor, distribuidor, etc. Actualidad Escolar 2000,
Fecha de publicación, distribución, etc [20uu]
300 ## - DESCRIPCIÓN FÍSICA
Extensión 128 p. :
Otros detalles físicos il., mapas, retrs. ;
Dimensiones 22 cm.
500 ## - NOTA GENERAL
Nota general Incluye el libros del maestro
504 ## - NOTA DE BIBLIOGRAFÍA, ETC.
Bibliography, etc Bibliografía p: xxiv
505 0# - NOTA DE CONTENIDO
Título La educación artística --
-- Me conozco --
-- La exploración y observación --
-- La expressión artística --
-- El arte y sus formas --
-- El arte, la cultura y la historia /
700 1# - ASIENTO SECUNDARIO -- NOMBRE PERSONAL
Nombre personal Gil bueno, Omar
700 1# - ASIENTO SECUNDARIO -- NOMBRE PERSONAL
Nombre personal Mateo Dicló, Luisa A.
700 1# - ASIENTO SECUNDARIO -- NOMBRE PERSONAL
Nombre personal Del Jesús de la Rosa, María
Mención de responsabilidad prod. ed.
700 1# - ASIENTO SECUNDARIO -- NOMBRE PERSONAL
Nombre personal Sandoval, Ramón
Mención de responsabilidad il.
910 ## - VALIDACIÓN
Validación 00144
942 ## - ADDED ENTRY ELEMENTS (KOHA)
Source of classification or shelving scheme Dewey Decimal Classification
Koha item type Libros
945 ## - INFORMACIÓN DE PROCESAMIENTO LOCAL
Información de procesamiento local Inventariado/ 2018 VM
956 ## - LOCAL ELECTRONIC LOCATION AND ACCESS (OCLC)
Nombre de host YLOCKWARD
Número de acceso 10
Existencias
Withdrawn status Lost status Source of classification or shelving scheme Damaged status Not for loan Collection code Home library Current library Date acquired Source of acquisition Total Checkouts Barcode Date last seen Copy number Price effective from Koha item type
    Dewey Decimal Classification     Colección Escolar Biblioteca Pública Metropolitana Salomé Ureña Biblioteca Pública Metropolitana Salomé Ureña 04/07/2016 Donación   BPMSU16040217 04/07/2016 v. 1 04/07/2016 Libros
    Dewey Decimal Classification     Colección Escolar Biblioteca Pública Metropolitana Salomé Ureña Biblioteca Pública Metropolitana Salomé Ureña 04/07/2016 Donación   BPMSU16040218 04/07/2016 v. 2 04/07/2016 Libros
    Dewey Decimal Classification     Colección Escolar Biblioteca Pública Metropolitana Salomé Ureña Biblioteca Pública Metropolitana Salomé Ureña 04/07/2016 Donación   BPMSU16040219 04/07/2016 v. 2, ej. 2 04/07/2016 Libros